[Event "Oberliga Baden 1819"]
[Site "Baden"]
[Date "2019.01.20"]
[Round "5.5"]
[White "Eppinger, Georg"]
[Black "Muetsch, Annmarie"]
[Result "1-0"]
[WhiteElo "2204"]
[BlackElo "2206"]
[PlyCount "23"]
[EventDate "2018.10.21"]
[EventType "team-tourn"]
[EventRounds "9"]
[EventCountry "GER"]
[SourceTitle "EXT 2020"]
[Source "ChessBase"]
[SourceDate "2019.10.17"]
[SourceVersion "1"]
[SourceVersionDate "2019.10.17"]
[SourceQuality "1"]
[WhiteTeam "Dreisamtal"]
[BlackTeam "Viernheim II"]
[WhiteTeamCountry "GER"]
[BlackTeamCountry "GER"]

1. e4 c5 2. c3 g6 3. d4 Qc7 4. dxc5 Nf6 5. Na3 a6 6. Nc4 Bg7 7. e5 Ne4 8. Nb6 Ra7 9. Be3 Bxe5 10. Nxc8 Nxc3 11. Qb3 Qxc8 12. bxc3 1-0

[Event "Oberliga Baden 1617"]
[Site "Baden"]
[Date "2017.04.23"]
[Round "8.2"]
[White "Arnold, Max"]
[Black "Eppinger, Georg"]
[Result "1-0"]
[WhiteElo "2202"]
[BlackElo "2232"]
[PlyCount "65"]
[EventDate "2016.10.16"]
[EventType "team-tourn"]
[EventRounds "9"]
[EventCountry "GER"]
[SourceTitle "EXT 2018"]
[Source "ChessBase"]
[SourceDate "2017.10.13"]
[SourceVersion "1"]
[SourceVersionDate "2017.10.13"]
[SourceQuality "1"]
[WhiteTeam "Ettlingen"]
[BlackTeam "Dreisamtal"]
[WhiteTeamCountry "GER"]
[BlackTeamCountry "GER"]

1. e4 c5 2. b3 Nf6 3. e5 Nd5 4. Bb2 g6 5. d4 Qa5+ 6. Qd2 Qxd2+ 7. Nxd2 cxd4 8. Ngf3 Bg7 9. Nxd4 Bxe5 10. 0-0-0 Nc6 11. N2f3 Bxd4 12. Nxd4 Nxd4 13. Rxd4 Nb6 14. a4 Rb8 15. a5 Na8 16. Re4 0-0 17. Rxe7 Nc7 18. Be5 Nd5 19. Rxf7 Kxf7 20. Bxb8 Nf6 21. Bxa7 d5 22. f3 Be6 23. Bd4 Nd7 24. b4 Ra8 25. g4 Nb8 26. Bd3 Nc6 27. c3 Ne7 28. Kd2 Nc6 29. h4 h6 30. Re1 Ne7 31. Bc5 Re8 32. b5 Nc8 33. b6 1-0

[Event "Oberliga Baden 1516"]
[Site "Baden"]
[Date "2016.01.17"]
[Round "5.6"]
[White "Elis, Volker"]
[Black "Eppinger, Georg"]
[Result "1-0"]
[WhiteElo "2220"]
[BlackElo "2242"]
[PlyCount "111"]
[EventDate "2015.09.20"]
[EventType "team-tourn"]
[EventRounds "9"]
[EventCountry "GER"]
[SourceTitle "EXT 2018"]
[Source "ChessBase"]
[SourceDate "2017.10.13"]
[SourceVersion "1"]
[SourceVersionDate "2017.10.13"]
[SourceQuality "1"]
[WhiteTeam "Handschuhsheim"]
[BlackTeam "Dreisamtal"]
[WhiteTeamCountry "GER"]
[BlackTeamCountry "GER"]

1. Nf3 Nf6 2. c4 g6 3. Nc3 Bg7 4. e4 0-0 5. d4 c5 6. Be2 d6 7. 0-0 Bg4 8. d5 Na6 9. Bg5 h6 10. Be3 Nc7 11. Qd2 Kh7 12. e5 Nd7 13. exd6 exd6 14. Ng5+ hxg5 15. Bxg4 Ne5 16. Be2 Bh6 17. Ne4 f6 18. h4 Nf7 19. hxg5 Nxg5 20. Nxg5+ Bxg5 21. f4 Bh6 22. f5 g5 23. Bh5 Na6 24. Bf2 Rh8 25. Rae1 Nc7 26. g4 Bf8 27. Kg2 Kg8 28. Rh1 Qd7 29. Rh3 b5 30. b3 bxc4 31. bxc4 Qa4 32. Qc3 Rh6 33. Qb3 Qb4 34. a3 Qd2 35. Rd3 Qa5 36. Ree3 Qa6 37. Rd1 Qc8 38. Qc2 Rb8 39. Rb1 Rb6 40. Be1 Qa6 41. Rxb6 axb6 42. a4 Qc8 43. Bc3 Qd7 44. Re1 Be7 45. Kg3 Bd8 46. Bg6 Kg7 47. Re2 Kf8 48. Be1 Qg7 49. Kf3 Qh8 50. Bg3 Be7 51. Qe4 Rh7 52. Bxh7 Qxh7 53. Rh2 Qg8 54. Kf2 Na6 55. Qh1 Kg7 56. Rh6 1-0

[Event "Oberliga Baden 1415"]
[Site "Baden"]
[Date "2015.01.18"]
[Round "5.5"]
[White "Eppinger, Georg"]
[Black "Babutzka, Jens Matthias"]
[Result "0-1"]
[WhiteElo "2259"]
[BlackElo "2210"]
[PlyCount "80"]
[EventDate "2014.09.21"]
[EventType "team-tourn"]
[EventRounds "9"]
[EventCountry "GER"]
[SourceTitle "EXT 2016"]
[Source "ChessBase"]
[SourceDate "2015.10.08"]
[SourceVersion "1"]
[SourceVersionDate "2015.10.08"]
[SourceQuality "1"]
[WhiteTeam "Dreisamtal"]
[BlackTeam "Walldorf"]
[WhiteTeamCountry "GER"]
[BlackTeamCountry "GER"]

1. e4 e5 2. Nf3 Nc6 3. Bb5 a6 4. Ba4 Nf6 5. 0-0 Be7 6. Re1 b5 7. Bb3 0-0 8. d4 d6 9. c3 exd4 10. cxd4 Bg4 11. Be3 d5 12. e5 Ne4 13. Nc3 Bb4 14. Nxd5 Bxe1 15. Qc2 Bxf2+ 16. Bxf2 Nxf2 17. Qxc6 Ne4 18. Rf1 Rc8 19. Bc2 Ng5 20. Nd2 Be6 21. Bb3 Kh8 22. h4 Bxd5 23. Bxd5 Ne6 24. Nf3 Nf4 25. Bb3 Ne2+ 26. Kh2 Nxd4 27. Qe4 Nxf3+ 28. Rxf3 Qe7 29. Bc2 g6 30. Qf4 Rce8 31. Re3 c5 32. h5 Qe6 33. Bd1 Qf5 34. Qh6 Rg8 35. hxg6 Rxg6 36. Qh4 Qg5 37. Qe4 Kg8 38. Bc2 Rxe5 39. Qa8+ Kg7 40. Bxg6 Rxe3 0-1

[Event "Oberliga Baden 1415"]
[Site "Baden"]
[Date "2014.12.07"]
[Round "4.6"]
[White "Eppinger, Georg"]
[Black "Pfatteicher, Lukas"]
[Result "1/2-1/2"]
[WhiteElo "2262"]
[BlackElo "2139"]
[PlyCount "35"]
[EventDate "2014.09.21"]
[EventType "team-tourn"]
[EventRounds "9"]
[EventCountry "GER"]
[SourceTitle "EXT 2016"]
[Source "ChessBase"]
[SourceDate "2015.10.08"]
[SourceVersion "1"]
[SourceVersionDate "2015.10.08"]
[SourceQuality "1"]
[WhiteTeam "Dreisamtal"]
[BlackTeam "Karlsruhe"]
[WhiteTeamCountry "GER"]
[BlackTeamCountry "GER"]

1. e4 c6 2. d4 d5 3. Nc3 dxe4 4. Nxe4 Bf5 5. Ng3 Bg6 6. Nf3 Nd7 7. h4 h6 8. h5 Bh7 9. Bd3 Bxd3 10. Qxd3 e6 11. Bf4 Qa5+ 12. Bd2 Bb4 13. Bxb4 Qxb4+ 14. Qc3 Qxc3+ 15. bxc3 Ngf6 16. Nd2 c5 17. Rb1 b6 18. Nde4 1/2-1/2

[Event "Oberliga Baden 1213"]
[Site "Baden"]
[Date "2013.02.03"]
[Round "6.6"]
[White "Wiechert, Hans"]
[Black "Eppinger, Georg"]
[Result "1/2-1/2"]
[WhiteElo "2251"]
[BlackElo "2222"]
[PlyCount "38"]
[EventDate "2012.10.14"]
[EventType "team-tourn"]
[EventRounds "9"]
[EventCountry "GER"]
[SourceTitle "EXT 2014"]
[Source "ChessBase"]
[SourceDate "2013.11.20"]
[SourceVersion "1"]
[SourceVersionDate "2013.11.20"]
[SourceQuality "1"]
[WhiteTeam "Kuppenheim"]
[BlackTeam "Dreisamtal"]
[WhiteTeamCountry "GER"]
[BlackTeamCountry "GER"]

1. d4 Nf6 2. c4 g6 3. Nf3 Bg7 4. g3 0-0 5. Bg2 d6 6. 0-0 Nc6 7. Nc3 Bg4 8. h3 Bxf3 9. Bxf3 Nd7 10. e3 e5 11. d5 Ne7 12. Be2 f5 13. e4 f4 14. Rb1 h5 15. b4 b6 16. Bd2 a5 17. a3 axb4 18. axb4 Bh6 19. Kg2 Kg7 1/2-1/2

[Event "Nuremberg LGA Cup 8th"]
[Site "Nuremberg"]
[Date "2011.09.11"]
[Round "6"]
[White "Ter Akopyan, Bagrat"]
[Black "Eppinger, Georg"]
[Result "1-0"]
[WhiteElo "2023"]
[BlackElo "2162"]
[PlyCount "35"]
[EventDate "2011.09.08"]
[EventType "swiss"]
[EventRounds "7"]
[EventCountry "GER"]
[SourceTitle "CBM 144 Extra"]
[Source "ChessBase"]
[SourceDate "2011.10.28"]
[SourceVersion "1"]
[SourceVersionDate "2011.10.28"]
[SourceQuality "1"]

1. e4 c5 2. Nf3 Nc6 3. Bb5 g6 4. 0-0 Bg7 5. Nc3 e5 6. Re1 Nge7 7. Nd5 d6 8. d4 0-0 9. dxc5 dxc5 10. c3 f6 11. Be3 b6 12. Qa4 Bb7 13. Nxe7+ Nxe7 14. Rad1 Qc8 15. Rd7 a6 16. Bc4+ Kh8 17. Rxe7 b5 18. Qb3 1-0

[Event "Nuremberg LGA Cup 8th"]
[Site "Nuremberg"]
[Date "2011.09.09"]
[Round "2"]
[White "Wichmann, Cliff"]
[Black "Eppinger, Georg"]
[Result "1/2-1/2"]
[WhiteElo "2364"]
[BlackElo "2197"]
[PlyCount "194"]
[EventDate "2011.09.08"]
[EventType "swiss"]
[EventRounds "7"]
[EventCountry "GER"]
[SourceTitle "CBM 144 Extra"]
[Source "ChessBase"]
[SourceDate "2011.10.28"]
[SourceVersion "1"]
[SourceVersionDate "2011.10.28"]
[SourceQuality "1"]

1. d4 Nf6 2. c4 g6 3. Nc3 Bg7 4. e4 0-0 5. Nf3 c5 6. d5 d6 7. h3 Na6 8. Bd3 Nc7 9. 0-0 a6 10. Re1 Nd7 11. Bf4 b5 12. Qe2 bxc4 13. Bxc4 Nb6 14. Bd3 e6 15. Rad1 Bb7 16. dxe6 Nxe6 17. Bg3 Nd4 18. Nxd4 cxd4 19. Nb1 Re8 20. Qd2 Na4 21. Na3 Nc5 22. Nc4 Re6 23. f3 a5 24. Bf2 d5 25. exd5 Bxd5 26. Bf1 Rxe1 27. Rxe1 Ne6 28. b3 a4 29. b4 Rc8 30. Ne5 Qd6 31. Bg3 Qb6 32. Nd3 Rc3 33. Nf4 Bb7 34. Nxe6 fxe6 35. Bf2 Qd6 36. Rd1 Qxb4 37. Qe1 Bd5 38. Rb1 Qd6 39. Bg3 e5 40. Rb5 Bxa2 41. Bxe5 Bxe5 42. Rxe5 Re3 43. Rxe3 dxe3 44. Qxe3 a3 45. Qe8+ Kg7 46. Qe3 Bf7 47. Bc4 a2 48. Bxa2 Bxa2 49. h4 h5 50. Kf2 Qf6 51. Kg3 Bf7 52. Qc5 Qa1 53. Kh2 Qb2 54. Qc7 Qd4 55. Qe7 Qf6 56. Qe4 Qd6+ 57. Kg1 Qd5 58. Qe3 Kf6 59. Qf4+ Ke6 60. Qb4 Qd1+ 61. Kf2 Qc2+ 62. Kg1 Qd1+ 63. Kf2 Qd6 64. Qc4+ Kf6 65. Qa4 Qe5 66. Qb4 Kg7 67. Qd2 Qc5+ 68. Kg3 Qc7+ 69. Kf2 Qe7 70. Qd4+ Qf6 71. Qb4 Be6 72. Qb7+ Qf7 73. Qb2+ Kh7 74. Qe5 Qd7 75. Qf6 Qa7+ 76. Kg3 Qc7+ 77. Kf2 Qc5+ 78. Kg3 Qd6+ 79. Kf2 Qc5+ 80. Kg3 Qf5 81. Qe7+ Qf7 82. Qd8 Bf5 83. Qd6 Qe6 84. Qc7+ Qd7 85. Qe5 Kg8 86. Qb8+ Kf7 87. Qb3+ Kf6 88. Qb6+ Qe6 89. Qd8+ Ke5 90. Qa5+ Kd4 91. Qd2+ Kc4 92. Qa2+ Kc3 93. Qa5+ Kc2 94. Qc5+ Kd1 95. Qd4+ Ke1 96. Qf2+ Kd1 97. Qd4+ Ke2 1/2-1/2

[Event "GER-chT Seniors 19th"]
[Site "Eckernfoerde"]
[Date "2010.09.19"]
[Round "7.3"]
[White "Skorna, Ullrich"]
[Black "Eppinger, Georg"]
[Result "1/2-1/2"]
[WhiteElo "2003"]
[BlackElo "2171"]
[PlyCount "98"]
[EventDate "2010.09.13"]
[EventType "team-swiss"]
[EventRounds "7"]
[EventCountry "GER"]
[SourceTitle "EXT 2011"]
[Source "ChessBase"]
[SourceDate "2010.11.26"]
[SourceVersion "1"]
[SourceVersionDate "2010.11.26"]
[SourceQuality "1"]
[WhiteTeam "Brandenburg"]
[BlackTeam "Baden"]
[WhiteTeamCountry "GER"]
[BlackTeamCountry "GER"]

1. e4 c5 2. b3 Nf6 3. e5 Nd5 4. Bb2 g6 5. Nf3 Bg7 6. Bc4 Nb6 7. 0-0 0-0 8. Nc3 d5 9. exd6 exd6 10. a4 Nc6 11. Re1 Nxc4 12. bxc4 Be6 13. d3 Nb4 14. Rb1 Bg4 15. Nd5 Bxb2 16. Rxb2 Nxd5 17. cxd5 b6 18. h3 Qf6 19. Rb1 Bxf3 20. Qxf3 Qxf3 21. gxf3 Rfe8 22. Re3 Kf8 23. c4 Rab8 24. Kg2 Rxe3 25. fxe3 Ke7 26. f4 Kd7 27. Kf3 Kc7 28. f5 Kd7 29. f6 Re8 30. a5 Kc7 31. a6 Re5 32. e4 Rh5 33. Kg4 h6 34. h4 Re5 35. Rb2 Kc8 36. Kf3 Kc7 37. Rg2 Kd7 38. Ke3 Re8 39. Rb2 Kc7 40. d4 cxd4+ 41. Kxd4 Kd7 42. Ke3 Rc8 43. Kd4 Rc5 44. Re2 Rc8 45. e5 dxe5+ 46. Rxe5 Re8 47. Ke4 Rxe5+ 48. Kxe5 Kc7 49. Ke4 Kd7 1/2-1/2

[Event "Nuremberg LGA Cup 6th"]
[Site "Nuremberg"]
[Date "2009.09.06"]
[Round "7"]
[White "Eppinger, Georg"]
[Black "Luther, Helmut"]
[Result "1/2-1/2"]
[WhiteElo "2194"]
[BlackElo "2006"]
[PlyCount "35"]
[EventDate "2009.09.03"]
[EventType "swiss"]
[EventRounds "7"]
[EventCountry "GER"]
[SourceTitle "CBM 132 Extra"]
[Source "ChessBase"]
[SourceDate "2009.11.03"]
[SourceVersion "1"]
[SourceVersionDate "2009.11.03"]
[SourceQuality "1"]

1. e4 d5 2. exd5 Qxd5 3. Nc3 Qa5 4. Nf3 c6 5. Bc4 Nf6 6. Qe2 Bf5 7. Ne5 e6 8. g4 Bg6 9. h4 Nbd7 10. Nxd7 Nxd7 11. d3 h5 12. g5 0-0-0 13. Bd2 Qe5 14. f4 Qxe2+ 15. Nxe2 Nb6 16. Bc3 Nd5 17. Ng3 Ne7 18. 0-0-0 1/2-1/2

[Event "Calvia Amateur op 5th"]
[Site "Calvia"]
[Date "2008.10.16"]
[Round "7"]
[White "Eppinger, Georg"]
[Black "Fabregas Fontanet, Antonio"]
[Result "1-0"]
[WhiteElo "2210"]
[BlackElo "2069"]
[PlyCount "102"]
[EventDate "2008.10.10"]
[EventType "swiss"]
[EventRounds "9"]
[EventCountry "ESP"]
[SourceTitle "CBM 126 Extra"]
[Source "ChessBase"]
[SourceDate "2008.11.05"]
[SourceVersion "1"]
[SourceVersionDate "2008.11.05"]
[SourceQuality "1"]

1. e4 g6 2. d4 Bg7 3. Nc3 d6 4. Be3 Nf6 5. f3 c6 6. Qd2 Nbd7 7. Bd3 Qa5 8. Nge2 h5 9. 0-0 0-0 10. Bh6 e5 11. Bxg7 Kxg7 12. dxe5 dxe5 13. f4 Ng4 14. Qe1 Nc5 15. f5 Nxd3 16. cxd3 Ne3 17. Qh4 Nxf1 18. Rxf1 Qd8 19. f6+ Kh7 20. Ng3 Rh8 21. Qg5 Qd4+ 22. Kh1 Bg4 23. Nf5 Bxf5 24. exf5 Rag8 25. Rf3 Qg4 26. fxg6+ Rxg6 27. Qd2 Rhg8 28. Qd1 Rd8 29. Ne4 Qh4 30. Rf5 Qg4 31. Rxh5+ Kg8 32. Qxg4 Rxg4 33. Rxe5 Kf8 34. g3 Rxd3 35. Nf2 Rgd4 36. Nxd3 Rxd3 37. Re2 Rd6 38. Rf2 c5 39. h4 Kg8 40. Kg2 Kh7 41. g4 Kg6 42. Kg3 Rxf6 43. h5+ Kg7 44. Rxf6 Kxf6 45. Kf4 b5 46. g5+ Kg7 47. Kf5 c4 48. h6+ Kh7 49. Kf6 b4 50. Kxf7 c3 51. bxc3 bxc3 1-0

[Event "Calvia Amateur op 5th"]
[Site "Calvia"]
[Date "2008.10.14"]
[Round "5"]
[White "Eppinger, Georg"]
[Black "Avila Jimenez, Xavier"]
[Result "0-1"]
[WhiteElo "2210"]
[BlackElo "2217"]
[PlyCount "37"]
[EventDate "2008.10.10"]
[EventType "swiss"]
[EventRounds "9"]
[EventCountry "ESP"]
[SourceTitle "CBM 126 Extra"]
[Source "ChessBase"]
[SourceDate "2008.11.05"]
[SourceVersion "1"]
[SourceVersionDate "2008.11.05"]
[SourceQuality "1"]

1. e4 d5 2. exd5 Qxd5 3. Nc3 Qa5 4. d4 Nf6 5. Bc4 Nc6 6. d5 Nb4 7. Nge2 Bf5 8. 0-0 0-0-0 9. Nd4 Bg4 10. f3 Qc5 11. Bb3 e5 12. Be3 Bd7 13. Nf5 Qa5 14. Ng3 Bd6 15. Bd2 Qb6+ 16. Kh1 Nfxd5 17. Qe2 Nf4 18. Bxf4 exf4 19. Nge4 0-1

[Event "Calvia Amateur op 5th"]
[Site "Calvia"]
[Date "2008.10.13"]
[Round "4"]
[White "Santos Folch, Adolfo"]
[Black "Eppinger, Georg"]
[Result "0-1"]
[WhiteElo "2084"]
[BlackElo "2210"]
[PlyCount "64"]
[EventDate "2008.10.10"]
[EventType "swiss"]
[EventRounds "9"]
[EventCountry "ESP"]
[SourceTitle "CBM 126 Extra"]
[Source "ChessBase"]
[SourceDate "2008.11.05"]
[SourceVersion "1"]
[SourceVersionDate "2008.11.05"]
[SourceQuality "1"]

1. e4 c5 2. Nf3 Nc6 3. d4 cxd4 4. Nxd4 Nf6 5. Nc3 d6 6. Bg5 e6 7. Qd2 a6 8. 0-0-0 h6 9. Nxc6 bxc6 10. Bf4 d5 11. Qe3 Be7 12. Be2 0-0 13. Qg3 Kh8 14. Bc7 Qd7 15. Be5 Ne8 16. exd5 exd5 17. Rhe1 Bf6 18. f4 Bxe5 19. fxe5 Qf5 20. h4 Nc7 21. Rf1 Qe6 22. Bh5 Qe7 23. Rd4 Nb5 24. Ra4 Nxc3 25. Qxc3 c5 26. Ra5 Qxh4 27. Qxc5 Be6 28. Bf3 Qf4+ 29. Kb1 Qxe5 30. Rxa6 Rab8 31. Rb6 Rfc8 32. Rxb8 Rxb8 0-1

[Event "Nuremberg LGA Cup 5th"]
[Site "Nuremberg"]
[Date "2008.09.07"]
[Round "7.36"]
[White "Hofer, Markus"]
[Black "Eppinger, Georg"]
[Result "1-0"]
[WhiteElo "2004"]
[BlackElo "2229"]
[PlyCount "115"]
[EventDate "2008.09.04"]
[EventType "swiss"]
[EventRounds "7"]
[EventCountry "GER"]
[SourceTitle "EXT 2022"]
[Source "ChessBase"]
[SourceDate "2021.10.06"]
[SourceVersion "1"]
[SourceVersionDate "2021.10.06"]
[SourceQuality "1"]

1. d4 Nf6 2. c4 g6 3. Nc3 Bg7 4. e4 0-0 5. f3 c5 6. Nge2 cxd4 7. Nxd4 e6 8. Be2 d5 9. cxd5 exd5 10. e5 Nh5 11. 0-0 Bxe5 12. f4 Bg7 13. Bxh5 gxh5 14. f5 Qb6 15. Be3 Re8 16. f6 Rxe3 17. Nxd5 Qd8 18. Nxe3 Bxf6 19. Ndf5 Qxd1 20. Raxd1 Nc6 21. b3 Be6 22. Nd5 Be5 23. Nde7+ Nxe7 24. Nxe7+ Kf8 25. Nf5 Rc8 26. Rd2 f6 27. Nd4 Bf7 28. Nb5 a6 29. Nd6 Rc7 30. Nxf7 Kxf7 31. h3 Kg6 32. Kf2 Rc3 33. Ke2 b5 34. Rf3 Rc1 35. Kd3 a5 36. Ke4 a4 37. Kd5 a3 38. Rff2 Bb2 39. Rc2 Ra1 40. Rxb2 axb2 41. Rxb2 Re1 42. Kc5 Re5+ 43. Kb4 Kg5 44. a4 bxa4 45. Kxa4 Kh4 46. b4 Re8 47. Ka5 f5 48. b5 f4 49. b6 Ra8+ 50. Kb5 f3 51. Rb4+ Kg3 52. gxf3 Kxh3 53. b7 Rb8 54. Kb6 Kg3 55. Ka7 Rf8 56. b8Q+ Rxb8 57. Kxb8 h4 58. Rg4+ 1-0

[Event "Nuremberg LGA Cup 5th"]
[Site "Nuremberg"]
[Date "2008.09.06"]
[Round "5.38"]
[White "Steinmueller, Alexander"]
[Black "Eppinger, Georg"]
[Result "1-0"]
[WhiteElo "2066"]
[BlackElo "2229"]
[PlyCount "45"]
[EventDate "2008.09.04"]
[EventType "swiss"]
[EventRounds "7"]
[EventCountry "GER"]
[SourceTitle "EXT 2022"]
[Source "ChessBase"]
[SourceDate "2021.10.06"]
[SourceVersion "1"]
[SourceVersionDate "2021.10.06"]
[SourceQuality "1"]

1. e4 c5 2. d3 Nc6 3. g3 g6 4. Bg2 Bg7 5. f4 d6 6. Nf3 e5 7. 0-0 Nge7 8. Nc3 exf4 9. gxf4 f5 10. Ne2 0-0 11. c3 h6 12. Be3 Rb8 13. Qe1 Qe8 14. Qf2 Qf7 15. Kh1 Be6 16. e5 dxe5 17. Bxc5 Rbd8 18. Rad1 exf4 19. Nxf4 Bxa2 20. c4 g5 21. Nd5 Nxd5 22. Bxf8 Rxf8 23. Nxg5 1-0